Statistics for Happily - One Direction (All Lyrics)

Click here to take the quiz!

General Stats

  • This quiz has been taken 45 times
  • The average score is 311 of 337

Answer Stats

Answers% Correct
a
100%
happily
100%
I
100%
You
100%
you
100%
and
97%
baby
97%
me
97%
the
97%
to
97%
together
97%
we
97%
We
97%
are
94%
be
94%
care
94%
come
94%
do
94%
don't
94%
fire
94%
forever
94%
hand
94%
his
94%
hold
94%
it
94%
just
94%
know
94%
meant
94%
now
94%
on
94%
one
94%
One
94%
people
94%
say
94%
so
94%
So
94%
want
94%
we're
94%
were
94%
We're
94%
what
94%
What
94%
when
94%
with
94%
Cause
90%
'Cause
90%
understand
90%
wanna
90%
who
90%
yeah
90%
Yeah
90%
away
87%
but
87%
had
87%
holds
87%
leave
87%
sleep
87%
walk
87%
love
84%
Oh-oh-oh-oh
84%
really
84%
your
84%
It's
81%
4
77%
AM
77%
he
77%
if
77%
made
77%
Sorry
77%
three
77%
two
77%
fate
74%
hair
74%
him
74%
four
71%
in
71%
my
71%
skin
71%
that
71%
wonder
71%
you're
71%
feels
68%
of
68%
touched
68%
traces
68%
knows
65%
twist
61%

Score Distribution

Percentile by Number Answered

Percent of People with Each Score

Your Score History

You have not taken this quiz